Experiments in biochemical research techniques / (Record no. 12609)
[ view plain ]
| 000 -LEADER | |
|---|---|
| fixed length control field | 00835nam a2200253 4500 |
| 001 - CONTROL NUMBER | |
| control field | 12609 |
| 003 - CONTROL NUMBER IDENTIFIER | |
| rucl marc code | BD-RjUL |
| 005 - DATE AND TIME OF LATEST TRANSACTION | |
| control field | 20211208235326.0 |
| 008 - FIXED-LENGTH DATA ELEMENTS--GENERAL INFORMATION | |
| fixed length control field | 140129s1957 nyua b 001 0 eng |
| 035 ## - SYSTEM CONTROL NUMBER | |
| System control number | (BD-RjUL)12658 |
| 040 ## - CATALOGING SOURCE | |
| Original cataloging agency | DLC/ICU |
| Transcribing agency | ICU |
| Modifying agency | DLC |
| Language of cataloging | eng |
| 041 ## - LANGUAGE CODE | |
| Language code of text/sound track or separate title | eng |
| 082 00 - DEWEY DECIMAL CLASSIFICATION NUMBER | |
| Author mark and year | COE 1957 |
| Edition number | 23 |
| Classification number | 572.028 |
| 100 1# - MAIN ENTRY--PERSONAL NAME | |
| Personal name | Cowgill, Robert W. |
| Fuller form of name | (Robert Warren), |
| Dates associated with a name | 1920- |
| 9 (RLIN) | 39276 |
| 245 10 - TITLE STATEMENT | |
| Title | Experiments in biochemical research techniques / |
| Statement of responsibility, etc. | Robert W. Cowgill [and] Arthur B. Pardee. |
| 260 ## - PUBLICATION, DISTRIBUTION, ETC. (IMPRINT) | |
| Place of publication, distribution, etc. | New York : |
| Name of publisher, distributor, etc. | Wiley, |
| Date of publication, distribution, etc. | 1957 |
| 300 ## - PHYSICAL DESCRIPTION | |
| Pagination | 189 p. : |
| Illustrations | ill. ; |
| Size | 24 cm. |
| 504 ## - BIBLIOGRAPHY, ETC. NOTE | |
| Bibliography, etc | Includes Index and bibliographies. |
| 650 #0 - SUBJECT ADDED ENTRY--TOPICAL TERM | |
| Topical term or geographic name as entry element | Biochemistry |
| General subdivision | Technique |
| 9 (RLIN) | 36209 |
| Topical term or geographic name as entry element | Biochemistry |
| General subdivision | Research. |
| 9 (RLIN) | 218969 |
| 700 1# - ADDED ENTRY--PERSONAL NAME | |
| Personal name | Pardee, Arthur B. |
| Fuller form of name | (Arthur Beck), |
| Dates associated with a name | 1921- |
| Relator term | joint author. |
| 942 ## - ADDED ENTRY ELEMENTS (KOHA) | |
| Source of classification or shelving scheme | Dewey Decimal Classification |
| Koha item type | Books |
| Lost status | Source of classification or shelving scheme | Damaged status | Not for loan | Collection code | Permanent Location | Current Location | Shelving location | Date acquired | Source of acquisition | Cost, normal purchase price | Total Checkouts | Full call number | Date last seen | Copy number | Koha item type |
|---|---|---|---|---|---|---|---|---|---|---|---|---|---|---|---|
| Dewey Decimal Classification | Not For Loan | Non-fiction | Central Library, University of Rajshahi | Central Library, University of Rajshahi | Reading Room | 29/01/1963 | Zeitlinger | 27.00 | 572.028 COE 1957 | 29/01/2014 | C-1 | Books |